000 00315nam a2200133Ia 4500
003 OSt
008 191201s2007 xx 000 0 und d
100 _aRONHUBBARD, L
245 0 _aScientology 0-8 the Book of Basics
260 _aN. Delhi
_bHubbard Pub
_c2007
300 _a523
650 _aGeneral Books
942 _2ddc
_cBK
999 _c7
_d7